| 000 | 00786nam a22002411a 4500 | ||
|---|---|---|---|
| 003 | OSt | ||
| 005 | 20110718133155.0 | ||
| 008 | 091005s1999 001 0 eng d | ||
| 020 | _c0.00 | ||
| 040 |
_aNEGST Library - Kenya _bDLC _cDLC _dDLC |
||
| 050 | 4 | _aREF BS 325.M33 1999 | |
| 100 | 1 |
_aBass, Louise. _98069 |
|
| 245 | 1 | 0 | _aRen kpan nyu suswe /. |
| 260 |
_bNigeria Bible Translatio, _c1999. |
||
| 300 | _a564 p. : ill., m. | ||
| 500 | _a"The New Testament in the Mada language of Nigeria." - T.p. verso. [Africana] | ||
| 600 | 1 | 0 |
_aMada language - Texts. _98070 |
| 600 | 1 | 0 |
_aBible. N.T. Mada. 1999. _98071 |
| 700 | 1 |
_aWycliffe Bible Translators. _97862 |
|
| 700 | 1 | _aNigeria Bible Translation Trust. | |
| 942 |
_2lcc _cBK |
||
| 999 |
_c40115 _d40115 |
||